000 00902nam0a22002771 4500
001 rc\2560052
005 20250623104433.0
035 _a(NLR Aleph) 006724976
090 _a5483466
_c5483466
100 _a20110914d1927 |||y0rusy50 ca
101 1 _arus
_cnor
102 _aRU
105 _ay z |||a|
200 1 _aВласть лжи
_dLoglels makt
_eРоман
_fИоган Бойер. Johan Boyer
_gПер. Р. В. Иванова
210 _aЛенинград
_cМысль
_d1927
_gтип. "Красной газеты" им. Володарского
215 _a212 с.
_d18х13 см.
300 _aОбложка: В. П. Белкин
510 0 _aLoglels makt
700 1 _aБойер
_bИ.
_f1872-
_gИоганн
702 1 _aИванов
_bР.В.
_4730
801 0 _aRU
_bNLR
_gpsbo
801 1 _aRU
_bELAR
_2rusmarc
852 _aNLR
_j25/250
942 _cBOOK
980 _aNB